00353cam a2200133ua 4500020001800000041001000018082001900028100002400047245006300071250001200134260005600146300001200202504000500214 a0-442-20951-7 aengh a697.93bABR/LO aAbrams, Donald.W . aLow-energy cooling / cW.Donald Abrams.hTextual Documents a1 / b. aNewyork : bVan nostrant reinhold company , c1986. a312 ; . a